书目信息 |
| 题名: |
薄膜光学
|
|
| 作者: | 尹树百 编著 | |
| 分册: | ||
| 出版信息: | 北京 科学出版社 1987 |
|
| 页数: | 349页 | |
| 开本: | 26cm | |
| 丛书名: | ||
| 单 册: | ||
| 中图分类: | O484.4 | |
| 科图分类: | ||
| 主题词: | 薄膜光学 | |
| 电子资源: | ||
| ISBN: | ||
| 000 | 00615nam0 2200241 45 | |
| 001 | 0187008970 | |
| 005 | 20040629111411.6 | |
| 010 | @dCNY5.30 | |
| 091 | @a15031.875 | |
| 100 | @a19900808d1987 emky0chiy0121 ea | |
| 101 | 0 | @achi |
| 102 | @aCN@b110000 | |
| 105 | @ay z 001yy | |
| 106 | @ar | |
| 200 | 10 | @a薄膜光学@Abo mo guang xue@e理论与实践@f尹树百编著 |
| 210 | @a北京@c科学出版社@d1987 | |
| 215 | @a349页@d26cm | |
| 606 | @a薄膜光学 | |
| 690 | @aO484.4@v3 | |
| 701 | 0 | @a尹树百@Ayin shu bai@4编著 |
| 801 | 0 | @aCN@b深圳图书馆@c20040518 |
| 801 | 2 | @aCN@bNLC@c20040518 |
| 905 | @dO484.4@e24@f1@b204605 | |
| 薄膜光学:理论与实践/尹树百编著.-北京:科学出版社,1987 |
| 349页;26cm |
| ISBN :CNY5.30 |
| ● |
| 相关链接 |
|
|
|
|
正题名:薄膜光学
索取号:O484.4/24
 
预约/预借
| 序号 | 登录号 | 条形码 | 馆藏地/架位号 | 状态 | 备注 |
| 1 | 0204605 | 001932163 | 第三借阅区/ [索取号:O484.4/24] | 在馆 | |
| 2 | 0204606 | 001453135 | 第三借阅区/ [索取号:O484.4/24] | 在馆 | |
| 3 | 0204607 | 001453091 | 第二样本阅览室/ [索取号:O484.4/24] | 在馆 |